00946nab a2200217 uc450000100070000000500170000700800410002403500110006503500210007604000130009704100080011010000430011824501070016165000380026865000300030665000790033665000710041565000430048665001010052977300980063062516220240821091649.0000926s1999 spa  a625162 a(OCoLC)819844097 ccomduadb aspa10aOrtiz de Landázuri, Carlos4auteaut14aLos aprioris antropologicos del conocimiento: un debate a traves de Wirkus, Ritsert, Oberhausen y Apel 7aAntropología filosófica2lemb aFilosofía trascendental aWirkus, Bern. la filosofia social alemana en la primera mitad del siglo XX aRitsert, Jurgen. Introduccion a la logica de las ciencias sociales aOberhausen, Michael. El nuevo a priori aApel, Karl Otto, 1922-2017. Discrepancias en defensa del punto de vista pragmatico trascendental0 tThemata. Revista de Filosofía (Sevilla)gNo. 23, 1999, p. 277-286w118541x0210-8365068237